| 000 | 00913nam a2200217Ia 4500 | ||
|---|---|---|---|
| 003 | IN-BaIIA | ||
| 008 | 211028s9999 xx s 000 0 eng d | ||
| 020 | _a978-1-107-13520-8 (Print) | ||
| 022 | _a1743-9213 (Print) | ||
| 022 | _a1743-9221 (Online) | ||
| 040 | _cIIA Library | ||
| 100 |
_aJablonka, Pascale, ed. _940673 |
||
| 245 | 0 |
_aFrom Interstellar Clouds to Star-Forming Galaxies: Universal Processes? _h[eBook] |
|
| 260 |
_aCambridge _bCambridge University Press _c2016 |
||
| 300 | _aOnline resource | ||
| 490 | _aIAU Symposium; no. 315 | ||
| 700 |
_aAndre, Philippe, ed. _940674 |
||
| 700 |
_avan der Tak, Floris, ed. _940675 |
||
| 856 |
_uhttps://www.cambridge.org/core/journals/proceedings-of-the-international-astronomical-union/issue/84686616E3DAE936AF7E56287C9AEF92 _yClick Here to Access eBook |
||
| 942 | _cEB | ||
| 999 |
_c22025 _d22025 |
||